书目信息 |
| 题名: |
水下巴黎
|
|
| 作者: | 杰克逊 著 ;姜智芹 译 | |
| 分册: | ||
| 出版信息: | 南京 江苏人民出版社 2018 |
|
| 页数: | 20,219页 | |
| 开本: | 23cm | |
| 丛书名: | ||
| 单 册: | ||
| 中图分类: | P426 | |
| 科图分类: | ||
| 主题词: | 水灾--历史--巴黎 | |
| 电子资源: | ||
| ISBN: | 978-7-214-21552-9 | |
| 000 | 01369nam0 2200313 450 | |
| 001 | 009715489 | |
| 005 | 20181203090255.0 | |
| 010 | @a978-7-214-21552-9@dCNY39.00 | |
| 049 | @aA330000ZJL@bUCS01009077563@c3358159 | |
| 090 | @aP426@bjkx | |
| 096 | @aP426@bjkx | |
| 100 | @a20180716d2018 em y0chiy0120 ea | |
| 101 | 1 | @achi@ceng |
| 102 | @aCN@b320000 | |
| 105 | @aa z 000yy | |
| 106 | @ar | |
| 200 | 1 | @a水下巴黎@9shui xia ba li@b专著@e光明之城如何经历1910年大洪水@dParis under water@ehow the city of light survived the great flood of 1910@f(美)杰弗里·H. 杰克逊(Jeffrey H. Jackson)著@g姜智芹译@zeng |
| 210 | @a南京@c江苏人民出版社@d2018 | |
| 215 | @a20,219页@c照片@d23cm | |
| 300 | @a同一颗星球 | |
| 330 | @a本书忠实记录了巴黎在1910年遭遇大洪水后,随着水灾初发、严重、消退,城市和乡村的水情状况和灾民、政府、军队、社会各个行业各种角色在水灾中的反应,生动形象又恰如其分地再现了一个现代城市与大自然抗争的历史。 | |
| 510 | 1 | @aParis under water@ehow the city of light survived the great flood of 1910@zeng |
| 517 | 1 | @a光明之城如何经历1910年大洪水@9guang ming zhi cheng ru he jing li 1910 nian da hong shui |
| 606 | 0 | @a水灾@x历史@y巴黎 |
| 690 | @aP426@v5 | |
| 701 | 0 | @c(美)@a杰克逊@9jie ke xun@c(Jackson, Jeffrey H.)@4著 |
| 702 | 0 | @a姜智芹@9jiang zhi qin@c(女,@f1967~)@4译 |
| 801 | 0 | @aCN@b人天书店@c20180626 |
| 905 | @aTSG@dP426@eJ703@f1 | |
| 水下巴黎:光明之城如何经历1910年大洪水=Paris under water:how the city of light survived the great flood of 1910/(美)杰弗里·H. 杰克逊(Jeffrey H. Jackson)著/姜智芹译.-南京:江苏人民出版社,2018 |
| 20,219页:照片;23cm |
| 同一颗星球 |
| ISBN 978-7-214-21552-9:CNY39.00 |
| 本书忠实记录了巴黎在1910年遭遇大洪水后,随着水灾初发、严重、消退,城市和乡村的水情状况和灾民、政府、军队、社会各个行业各种角色在水灾中的反应,生动形象又恰如其分地再现了一个现代城市与大自然抗争的历史。 |
| ● |
| 相关链接 |
|
|
|
正题名:水下巴黎
索取号:P426/J703
 
预约/预借
| 序号 | 登录号 | 条形码 | 馆藏地/架位号 | 状态 | 备注 |
| 1 | 1533755 | 215337552 | 自科库401/401自科库 128排1列1层/ [索取号:P426/J703] | 在馆 |